Statistics for Southernmost Countries by Continent

Click here to take the quiz!

General Stats

  • This quiz has been taken 33,735 times
  • The average score is 25 of 30

Answer Stats

Continent Latitude Country % Correct
Africa46°59' SSouth Africa
99%
South America56°30' SChile
96%
Europe35°30' NItaly
96%
South America55°04' SArgentina
96%
Oceania54°47' SAustralia
95%
Oceania52°37' SNew Zealand
95%
Europe34°49' NGreece
94%
Asia11°00' SIndonesia
93%
Europe36°00' NSpain
93%
South America35°02' SUruguay
92%
South America33°45' SBrazil
91%
South America27°36' SParaguay
90%
North America7°11' NPanama
90%
Europe36°57' NPortugal
89%
Africa30°40' SLesotho
88%
Asia0°51' NMalaysia
85%
Europe35°47' NMalta
82%
Africa26°54' SEswatini
81%
North America5°31' NCosta Rica
79%
Africa28°58' SNamibia
79%
Oceania21°02' SFiji
78%
Asia1°09' NSingapore
77%
North America10°43' NNicaragua
73%
Africa26°52' SBotswana
73%
Asia9°30' SEast Timor
71%
North America10°02' NTrinidad and Tobago
67%
Oceania22°21' STonga
64%
Oceania20°15' SVanuatu
63%
North America11°59' NGrenada
52%
Asia0°42' SMaldives
52%

Score Distribution

Percentile by Number Answered

Percent of People with Each Score

Your Score History

You have not taken this quiz